| 000 | 00620nam a22002297a 4500 | ||
|---|---|---|---|
| 003 | UA-OsUOA | ||
| 001 | 82076 | ||
| 007 | ta | ||
| 008 | 20120215b un ||||| |||| 00| 0 ukr d | ||
| 090 |
_a061.2(477) _bМ71 |
||
| 942 | _cBK | ||
| 040 |
_aUA-OsUOA _bukr _cUA-OsUOA _dUA-OsUOA |
||
| 245 |
_aМіста України: діловий потенціал _cгол. ред. Пітцик М.В. |
||
| 300 | _a366 с. | ||
| 955 | _a4 | ||
| 041 | _aukr | ||
| 080 | _a061.2(477) | ||
| 020 | _a966-96117-2-5 | ||
| 260 |
_aК. _bЕкоПрес _c2003 |
||
| 650 | 7 |
_a0 Загальний відділ. _2UDC |
|
| 999 |
_c368381 _d368381 |
||